Globálne výzvy v oblasti vodného hospodárstva nová stratégia Global Water Partnership na roky 2014 - 2019

Vznik organizácie GWP, jej základné hodnoty, vízia, tri základné ciele organizácie. Geografické pokrytie GWP, GWP a stredná a východná Európa.

Gespeichert in:
Bibliographische Detailangaben
1. Verfasser: Majerčáková, Gercana
Format: Buchkapitel
Sprache:Slowakisch
Schlagworte:
Tags: Tag hinzufügen
Keine Tags, Fügen Sie das erste Tag hinzu!

MARC

LEADER 00000naa a2200000 4500
001 0185878
005 20231208124359.8
041 0 |a slo 
044 |a SK 
245 1 0 |a Globálne výzvy v oblasti vodného hospodárstva  |b nová stratégia Global Water Partnership na roky 2014 - 2019  |c Gercana Majerčáková 
520 |a Vznik organizácie GWP, jej základné hodnoty, vízia, tri základné ciele organizácie. Geografické pokrytie GWP, GWP a stredná a východná Európa. 
610 2 0 |a vodohospodárstvo 
610 2 0 |a organizácie medzinárodné 
100 1 |a Majerčáková, Gercana